|
|
|
|
| LEADER |
01785nam a2200409 i 4500 |
| 001 |
EBC5380297 |
| 003 |
MiAaPQ |
| 005 |
20200520144314.0 |
| 006 |
m o d | |
| 007 |
cr cnu|||||||| |
| 008 |
180601s2018 gw o 000 0dger d |
| 020 |
|
|
|z 9783737605007
|
| 020 |
|
|
|a 9783737605014 (e-book)
|
| 035 |
|
|
|a (MiAaPQ)EBC5380297
|
| 035 |
|
|
|a (Au-PeEL)EBL5380297
|
| 035 |
|
|
|a (CaPaEBR)ebr11555280
|
| 035 |
|
|
|a (OCoLC)1035518705
|
| 040 |
|
|
|a MiAaPQ
|b eng
|e rda
|e pn
|c MiAaPQ
|d MiAaPQ
|
| 050 |
|
4 |
|a RC683.5.U5
|b .W434 2018
|
| 082 |
0 |
|
|a 616.1207543
|2 23
|
| 100 |
1 |
|
|a Weber, Maren,
|e author.
|
| 245 |
1 |
0 |
|a Sven Effert (1922 - 2000) - Leben und Werk /
|c Maren Friederike Weber.
|
| 264 |
|
1 |
|a Kassel :
|b Kassel University Press,
|c 2018.
|
| 300 |
|
|
|a 1 online resource (413 pages).
|
| 336 |
|
|
|a text
|b txt
|2 rdacontent
|
| 337 |
|
|
|a computer
|b c
|2 rdamedia
|
| 338 |
|
|
|a online resource
|b cr
|2 rdacarrier
|
| 490 |
1 |
|
|a Studien des Aachener Kompetenzzentrums fur Wissenschaftsgeschichte ;
|v Band 21
|
| 588 |
|
|
|a Description based on print version record.
|
| 590 |
|
|
|a Electronic reproduction. Ann Arbor, MI : ProQuest, 2018. Available via World Wide Web. Access may be limited to ProQuest affiliated libraries.
|
| 600 |
1 |
0 |
|a Effert, S.
|q (Sven)
|
| 650 |
|
0 |
|a Echocardiography.
|
| 655 |
|
4 |
|a Electronic books.
|
| 776 |
0 |
8 |
|i Print version:
|a Weber, Maren.
|t Sven Effert (1922 - 2000) - Leben und Werk.
|d Kassel : Kassel University Press, c2018
|h 413 pages
|k Studien des Aachener Kompetenzzentrums fur Wissenschaftsgeschichte ; Band 21.
|z 9783737605007
|
| 797 |
2 |
|
|a ProQuest (Firm)
|
| 830 |
|
0 |
|a Studien des Aachener Kompetenzzentrums fur Wissenschaftsgeschichte ;
|v Band 21.
|
| 856 |
4 |
0 |
|u https://ebookcentral.proquest.com/lib/matrademy/detail.action?docID=5380297
|z Click to View
|